Liste des 23 - Equipe de France - EURO 2008 - Statistiques

Statistiques générales
  • Ce quiz a été pris 410 fois
  • Le résultat moyen est 19 sur 24
Statistiques - réponses
Poste Numéro Joueurs Club % Correct
G 1 Steve Mandanda Olympique de Marseille
96%
BU 12 Thierry Henry FC Barcelone
95%
G 23 Grégory Coupet Olympique lyonnais
94%
DG 3 Éric Abidal FC Barcelone
93%
MG 22 Franck Ribéry FC Bayern Munich
93%
BU 9 Karim Benzema Olympique lyonnais
89%
DG 13 Patrice Évra Manchester United
89%
MG 7 Florent Malouda Chelsea FC
87%
DD 19 Willy Sagnol FC Bayern Munich
86%
MDC 6 Claude Makélélé Chelsea FC
83%
MDC 4 Patrick Vieira Inter Milan
83%
BU 8 Nicolas Anelka Chelsea FC
81%
SEL / Raymond Domenech /
81%
DC 5 William Gallas Arsenal FC
81%
BU 18 Bafétimbi Gomis AS Saint-Étienne
80%
MOC 10 Sidney Govou Olympique lyonnais
76%
DC 15 Lilian Thuram FC Barcelone
75%
MC 11 Samir Nasri Olympique de Marseille
70%
MC 21 Lassana Diarra Portsmouth FC
66%
G 16 Sébastien Frey AC Fiorentina
62%
MC 20 Jérémy Toulalan Olympique lyonnais
58%
DC 2 Jean-Alain Boumsong Olympique lyonnais
57%
DC 17 Sébastien Squillaci Olympique lyonnais
46%
DD 14 François Clerc Olympique lyonnais
42%
Aucun quiz correspondant
Distribution des résultats
% des personnes avec chaque résultat
Percentile par nombre de réponses
Votre historique - résultats
Vous n’avez pas pris ce quiz